00857nam a22002417a 45000010005000000030006000050050017000110080041000280200015000690400029000840500015001130820011001281000014001392450055001532600052002083000060002604900034003205050008003545200142003625210029005045210020005336500062005537665FISKH20250730143128.0250730b cb ||||| |||| 00| 0 eng d a0717283275 aFISKHbengcFISKHdFISKH aPZ8.D625 B a398.21 aDisnep's  aBeauty and the beast /cBy Walt Disney Productions aCalifornia :bDisnep Enterprises, Inc , c2000. a42 unnumbered pages : bcolor illustrations ; c23 cm . aBeauty and the Beast (Disney) aJ  aThrough her great capacity to love, a kind and beautiful maid releases a handsome prince from the spell which has made him an ugly beast.8 a500 bLexile estimate 8 aJ bRaz-Plus  aDisney's Wonderful World of ReadingvJuvenile Literature